Sūrīyah wa-Miṣr bayna al-waḥdah wa-al-infiṣāl, (Record no. 46949)

MARC details
000 -LEADER
fixed length control field 00863cam a22002651 4500
001 - CONTROL NUMBER
control field ne 64001051
003 - CONTROL NUMBER IDENTIFIER
control field DLC
005 - DATE AND TIME OF LATEST TRANSACTION
control field 20260227111759.0
008 - FIXED-LENGTH DATA ELEMENTS--GENERAL INFORMATION
fixed length control field 870526m19629999le b 000 0 araoc
010 ## - LIBRARY OF CONGRESS CONTROL NUMBER
LC control number ne 64001051
035 ## - SYSTEM CONTROL NUMBER
System control number (OCoLC)15730153
040 ## - CATALOGING SOURCE
Original cataloging agency Princeton Univ. Libr.
Transcribing agency CU
Modifying agency DLC
042 ## - AUTHENTICATION CODE
Authentication code premarc
043 ## - GEOGRAPHIC AREA CODE
Geographic area code f-ua---
-- a-sy---
050 00 - LIBRARY OF CONGRESS CALL NUMBER
Classification number DS98.2
Item number .M86
100 1# - MAIN ENTRY--PERSONAL NAME
Personal name Munajjid, Ṣalāḥ al-Dīn.
245 10 - TITLE STATEMENT
Title Sūrīyah wa-Miṣr bayna al-waḥdah wa-al-infiṣāl,
Statement of responsibility, etc. jamaʻahā Ṣalāḥ al-Dīn al-Munajjid.
260 ## - PUBLICATION, DISTRIBUTION, ETC.
Place of publication, distribution, etc. [Bayrūt]
Name of publisher, distributor, etc. Dār al-Kitāb al-Jadīd
Date of publication, distribution, etc. 1962-
300 ## - PHYSICAL DESCRIPTION
Extent v.
Dimensions 20 cm.
490 1# - SERIES STATEMENT
Series statement Wathāʼiq wa-nuṣūṣ,
Volume/sequential designation 1-
504 ## - BIBLIOGRAPHY, ETC. NOTE
Bibliography, etc. note Bibliography: v. 1, p. 337.
651 #0 - SUBJECT ADDED ENTRY--GEOGRAPHIC NAME
Geographic name Egypt
General subdivision Politics and government.
651 #0 - SUBJECT ADDED ENTRY--GEOGRAPHIC NAME
Geographic name Syria
General subdivision Politics and government.
830 #0 - SERIES ADDED ENTRY--UNIFORM TITLE
Uniform title Wathāʼiq wa-nuṣūṣ (Bayrūt) ;
Volume/sequential designation 1.

No items available.

Powered by Koha